লোডিং...

Electricity Transmission Distribution and Storage Systems

গ্রন্থ-পঞ্জীর বিবরন
প্রধান লেখক: Melhem, Z ;ed
বিন্যাস: বৈদ্যুতিন গ্রন্থ
ভাষা:English
প্রকাশিত: Wood head pub.e.books 2013
বিষয়গুলি:
অনলাইন ব্যবহার করুন:http://www.sciencedirect.com/science/book/9781845697846
LEADER 00671 a2200193 4500
005 20151026133401.0
008 150522b xxu||||| |||| 00| 0 eng d
020 |a 978-1-84569-784-6  
100 |a Melhem, Z ;ed. 
245 |a Electricity Transmission Distribution and Storage Systems 
260 |c 2013  |b Wood head pub.e.books 
500 |a Online Book 
653 |a Electric power distribution 
653 |a Electric power transmission 
653 |a Electric power systems 
856 |u http://www.sciencedirect.com/science/book/9781845697846 
942 |c EB  |6 _ 
999 |c 69733  |d 69733 
952 |0 0  |1 0  |2 udc  |4 0  |6 _  |7 0  |9 81880  |a UL  |b UL  |d 2015-05-22  |p EB000290  |r 2015-05-22  |w 2015-05-22  |y EB